000 01174nam a2200325 4500
001 0000019188
003 CO-CtgCURN
005 20250429224757.0
007 ta
008 160627s2001 000 0 eng d
020 _a968426948X
040 _aCO-CtgCURN
_bspa
_ccoctgcurn
082 0 _a174.9574
_bG447
100 1 _aGispert Cruells, Jorge.
245 1 0 _aConceptos de Bioetica y responsabilidad medica /
_cJorge Gispert Cruells.
250 _a2a ed.
260 _aMexico :
_bManual Moderno,
_c2001.
300 _axvi, 279 p.
336 _2rdacontent
337 _2rdamedia
_asin mediacion
_bn
338 _2rdacarrier
_avolumen
_bnc
490 1 _aManual moderno
500 _aIncluye indice.
504 _aIncluye bibliografias.
505 8 _aBioetica profesional.--Bioetica hospitalaria.--Bioetica social.--Legislacion medica.--Responsabilidad medica.--Responsabilidad medica profesional.--Responsabilidad medica laboral.--Responsabilidad medica civil.--Responsabilidad penal
650 1 4 _aResponsabilidad medica.
908 _a160627
942 _cBK
_h174.9574
_iG447
_2ddc
999 _c43387
_d43387